| 000 | 00785nam a2200241 a 4500 | ||
|---|---|---|---|
| 005 | 20220622081506.0 | ||
| 008 | 151209s2011 mx r 000 0 spa d | ||
| 020 | _a9788498792324 | ||
| 035 | _aUPN01000207220 | ||
| 049 | _aCG | ||
| 050 | 4 |
_aQH540.5 _bB6.38 2011 |
|
| 100 | 1 |
_aBoff, Leonardo, _d1938- _938204 |
|
| 245 | 1 | 0 |
_aEcología : _bgrito de la Tierra, grito de los pobres / _cLeonardo Boff ; tr. Juan Carlos Rodríguez Herranz. |
| 250 | _a5a. ed. | ||
| 260 |
_aMadrid : _bTrotta, _c2011. |
||
| 300 | _a286 p. | ||
| 440 | 0 |
_aEstructuras y procesos. _pReligión |
|
| 534 |
_pTítulo original: _tEcología: grito da terra, grito dos pobres |
||
| 650 | 2 |
_aEcología _xFilosofía _916018 |
|
| 650 | 4 |
_aECOLOGIA - _xASPECTOS SOCIALES _94961 |
|
| 905 | _aLibro | ||
| 999 |
_c179321 _d179321 |
||